00848nam a22002297a 450000500170000001000150001702000260003203500140005803700130007208200110008524502100009626000450030627000590035130000260041050000380043670000260047470000270050070000260052770000240055370000160057770000250059320180402172136.0 aENG-122440 a9788171393428c800.00 aEN-105972 bDBAD/PUB a362.29 aDrug abused :ced. by Priya Ranjan Trivedi, Vimala Veeraraghavan [and] Shyam Narayan Pandey Adv. by Aaradhana Salpekar, Rahul rai [and] Avinash Chiranjeev brecent treands in treatment and rehabilitation / aNew DelhibJnanada Prakashan (P&D)c2009 a4837/2, 24, Ansari Road, Daryaganj,bNew Delhie110002 a330p.bill.c21cm(Hb) aIncludes bibliography [and] index dTrivedi, Priya Ranjan dVeeraraghavan, Vimala  dPandey, Shyam Narayan dSalpekar, Aaradhana drai, Rahul  dChiranjeev, Avinash